000 00844nam a2200253Ia 4500
003 OSt
005 20221005113438.0
006 a|||||r|||| 00| 0
007 ta
008 221004b |||||||| |||| 00| 0 pan d
020 _a9789382852292 (hbk)
_c325
024 _a23401
037 _b913, 20/03/2015, H.K. Prakashan
_cTextual
040 _aCRL
_cCRL
_bpan
041 _2pan
_apan
082 _aO153,6x, Q4
100 _aਤਸਕੀਨ
245 0 _aਵਿਚਾਰਧਾਰਾ
_b ਅਤੀਤ ਤੇ ਵਰਤਮਾਨ
260 _aਲੁਧਿਆਣਾ
_bਚੇਤਨਾ ਪ੍ਰਕਾFਨ ਭਾਰਤ
_c2014
300 _a232ਪ੍ਰ0
_ccm.
650 _aਪੰਜਾਬੀ ਸਾਹਿਤ
942 _hO153,6x, Q4
_cTEXL
_2cc
999 _c1028207
_d1028207